000
00362nam a2200145 a 4500
001
0616
005
20140414131914.0
008
040201s19uu xx 00 eng d
050
_a
ER
_b
H19 1993
245
_a
Hansel and Gretel.
260
_a
China :
_b
Creative child press,
_c
1993.
300
_a
p. ; cm.
440
_a
Favourite fairy tales
999
_c
111368
_d
111368